000 004410000a22001810004500
003 MACL
005 20150912142137.0
008 150912b xxu||||| |||| 00| 0 eng d
040 _aMACL
_cMACL
041 _aEnglish
082 _a823/HAR
100 _aHariharan, Githa
_910391
245 _aThe Ghosts Of Vasu Master
260 _bViking Publishing
_c1994
_aNew Delhi
350 _a195
650 _aFiction
_910392
942 _cBK
_k823
_2ddc
999 _c2962
_d2962